000 00851nam a22002417a 4500
005 20200104041732.0
008 150803b2011 ck ||||| |||| 00| 0 spa d
040 _aCO-BoIAVH
_cCO-BoIAVH
041 0 _aspa
044 _ack
082 4 _a590.12
_bV646e
110 1 _aInstituto de Investigación de Recursos Biológicos Alexander von Humboldt.
245 1 _aEspecies útiles de Colombia
_bun cuaderno para notas detectivescas
260 3 _aBogotá:
_bEditorial Kimpres,
_c2011.
300 _a150 p.
_bilustraciones
_c16 cm.
500 _aCuaderno con notas.
650 4 _aFauna
_vNotas
_xEspecies
_zColombia
650 4 _aFauna
_vNotas
_xClasificación
_zColombia
700 1 _aVictorino Ramirez, Andrea
_etextos
700 1 _aMedina, Fabio
_etextos
700 1 _aOlaya, Miguel
_etextos
942 _2ddc
_cLIBRO
999 _c17630
_d17630